[Event "Tournament 14459 - Europe Echecs"]
[Site "Europe Echecs"]
[Date "2020.07.07"]
[Round "2"]
[Time "14:43:03"]
[PlyCount "22"]
[White "YvonGregoire"]
[Black "LentieulElliot"]
[WhiteElo "1210"]
[BlackElo "1000"]
[Mode "WEB"]
[Result "1-0"]

1. d4 d5 2. c4 dxc4 3. e4 Nc6 4. Nf3 Nf6 5. Nc3 e6 6. Bxc4 Nxe4 7. Nxe4 Be7 8.
Bg5 Bxg5 9. Nfxg5 f5 10. Qh5+ Kf8 11. Qf7# {LentieulElliot est échec et mat} 1-0

[Event "Tournament 14459 - Europe Echecs"]
[Site "Europe Echecs"]
[Date "2020.07.07"]
[Round "2"]
[Time "14:43:03"]
[PlyCount "98"]
[White "SingaramSheyon"]
[Black "BaronArthur"]
[WhiteElo "1209"]
[BlackElo "950"]
[Mode "WEB"]
[Result "1-0"]

1. e4 e5 2. Nf3 Nc6 3. Bc4 Bc5 4. c3 Nf6 5. d4 exd4 6. cxd4 Bb4+ 7. Bd2 Bxd2+ 8.
Nbxd2 O-O 9. d5 Ne7 10. O-O d6 11. Qc2 c6 12. dxc6 bxc6 13. Rad1 Be6 14. Bxe6
fxe6 15. Nb3 Ng6 16. e5 Ne8 17. exd6 Nxd6 18. Qxc6 Rc8 19. Qxd6 Qxd6 20. Rxd6
Rc2 21. Rd2 Rc6 22. Re1 Re8 23. Ne5 Nxe5 24. Rxe5 g6 25. g3 Kf7 26. Rd7+ Re7 27.
Rxe7+ Kxe7 28. Ra5 Rc7 29. Nd4 e5 30. Nb5 Rc1+ 31. Kg2 Rc2 32. Rxa7+ Ke6 33. b3
h5 34. a4 g5 35. a5 e4 36. Nd4+ Kd5 37. Nxc2 Ke5 38. a6 h4 39. Rh7 hxg3 40. hxg3
g4 41. a7 Kd5 42. a8=Q+ Kc5 43. Qa5+ Kc6 44. Rc7+ Kd6 45. Qc5+ Ke6 46. Re7+ Kf6
47. Qe5+ Kg6 48. Rg7+ Kh6 49. Qg5# {BaronArthur est échec et mat} 1-0

[Event "Tournament 14459 - Europe Echecs"]
[Site "Europe Echecs"]
[Date "2020.07.07"]
[Round "2"]
[Time "14:43:03"]
[PlyCount "126"]
[White "DemangeTheopha"]
[Black "VijaySoukreev"]
[WhiteElo "799"]
[BlackElo "1204"]
[Mode "WEB"]
[Result "1-0"]

1. e4 e5 2. Nf3 Nc6 3. Nc3 Nf6 4. d4 exd4 5. Nxd4 Nxd4 6. Qxd4 d6 7. Bg5 Be7 8.
O-O-O Be6 9. Bc4 Qd7 10. Bxe6 Qxe6 11. a3 a6 12. Bxf6 Bxf6 13. Qb4 O-O-O 14. f3
Bxc3 15. Qxc3 Qe5 16. Qxe5 dxe5 17. Rxd8+ Rxd8 18. Rd1 Rxd1+ 19. Kxd1 Kd7 20.
Ke2 Kd6 21. Kd3 c5 22. b4 cxb4 23. axb4 b5 24. c4 bxc4+ 25. Kxc4 Kc6 26. h4 h6
27. g3 g6 28. f4 exf4 29. gxf4 h5 30. Kd4 Kb5 31. Kc3 Kc6 32. Kc4 Kb6 33. e5 Kc6
34. Kd4 Kb5 35. Kc3 Kb6 36. Kc4 Kc6 37. Kd4 Kb5 38. Kd5 Kxb4 39. Kd6 a5 40. Ke7
a4 41. Kxf7 a3 42. e6 a2 43. e7 a1=Q 44. e8=Q Qa7+ 45. Qe7+ Qxe7+ 46. Kxe7 Kc4
47. Kf6 Kd4 48. Kxg6 Ke4 49. Kxh5 Kxf4 50. Kg6 Kg4 51. h5 Kf4 52. h6 Ke5 53. h7
Ke6 54. h8=Q Kd5 55. Qf6 Kc5 56. Qe6 Kb5 57. Qc8 Ka5 58. Qb7 Ka4 59. Kf5 Ka3 60.
Ke4 Ka2 61. Kd3 Ka3 62. Kc3 Ka2 63. Qb2# {VijaySoukreev est échec et mat} 1-0

[Event "Tournament 14459 - Europe Echecs"]
[Site "Europe Echecs"]
[Date "2020.07.07"]
[Round "2"]
[Time "14:43:03"]
[PlyCount "72"]
[White "HeemAlice"]
[Black "JarryEliot"]
[WhiteElo "1203"]
[BlackElo "890"]
[Mode "WEB"]
[Result "1-0"]

1. e4 e5 2. Nf3 Nc6 3. d4 exd4 4. Nxd4 Bc5 5. Nb3 Nf6 6. Nc3 Bb4 7. Bd3 O-O 8.
O-O Bxc3 9. bxc3 d5 10. e5 Nd7 11. Qh5 h6 12. Re1 Ncxe5 13. Rxe5 Nxe5 14. Qxe5
c5 15. Bb5 a6 16. Bf1 b5 17. Qg3 Re8 18. Bxh6 Kf8 19. Qxg7+ Ke7 20. Re1+ Kd7 21.
Qxf7+ Kc6 22. Rxe8 Bd7 23. Rxd8 Rxd8 24. Qf6+ Kc7 25. Bf4+ Kc8 26. h3 Re8 27.
Nxc5 Re6 28. Nxe6 Bxe6 29. Qxe6+ Kd8 30. Qf7 Kc8 31. h4 Kd8 32. Bc1 Kc8 33. h5
Kd8 34. h6 Kc8 35. h7 Kd8 36. h8=Q# {JarryEliot est échec et mat} 1-0

[Event "Tournament 14459 - Europe Echecs"]
[Site "Europe Echecs"]
[Date "2020.07.07"]
[Round "2"]
[Time "14:43:03"]
[PlyCount "69"]
[White "RobertAlexandr"]
[Black "LetellierLouis"]
[WhiteElo "799"]
[BlackElo "1203"]
[Mode "WEB"]
[Result "0-1"]

1. e4 c5 2. Nf3 Nc6 3. Bc4 d6 4. Ng5 d5 5. Bxd5 e6 6. Bc4 Qxg5 7. d3 Qxg2 8. Rf1
Qxh2 9. Nc3 Nf6 10. Be3 Be7 11. d4 cxd4 12. Bxd4 Nxd4 13. Qxd4 Qd6 14. Qxd6 Bxd6
15. Nb5 Bf4 16. Rh1 Bd7 17. Rh4 g5 18. Rxf4 gxf4 19. Nc7+ Ke7 20. Nxa8 Rxa8 21.
b4 Rg8 22. Kf1 Nxe4 23. Bd3 Bc6 24. f3 Ng3+ 25. Kg2 h5 26. Bh7 Rh8 27. Bd3 h4
28. Kh3 Bxf3 29. a4 f5 30. a5 Bg4+ 31. Kh2 f3 32. a6 b6 33. Rd1 f2 34. Bb5 Bxd1 {RobertAlexandr a abandonné} 0-1

[Event "Tournament 14459 - Europe Echecs"]
[Site "Europe Echecs"]
[Date "2020.07.07"]
[Round "2"]
[Time "14:43:03"]
[PlyCount "100"]
[White "TureshbayevAno"]
[Black "NouvianArthur"]
[WhiteElo "799"]
[BlackElo "1199"]
[Mode "WEB"]
[Result "1/2-1/2"]

1. e4 e5 2. Nf3 Nc6 3. Bb5 Nf6 4. O-O a6 5. Ba4 Nxe4 6. Re1 Nf6 7. Nxe5 Nxe5 8.
Rxe5+ Be7 9. Qe1 Ng8 10. Nc3 c6 11. b4 d6 12. Re2 Bg4 13. f3 Bf5 14. Bb3 Qd7 15.
Qg3 Bg6 16. Bb2 Nf6 17. Ne4 O-O 18. Nxf6+ Bxf6 19. Bxf6 gxf6 20. h4 d5 21. h5
Rae8 22. Rxe8 Qxe8 23. hxg6 fxg6 24. c4 Qd8 25. cxd5 Qb6+ 26. Kh2 Kg7 27. dxc6
bxc6 28. a3 a5 29. Qf4 axb4 30. Qxb4 Qc7+ 31. Kh1 Qe5 32. Qc3 Qh5+ 33. Kg1 Re8
34. Qxc6 Re1+ 35. Rxe1 Qa5 36. Re7+ Kh6 37. Qxf6 Qc5+ 38. Kh2 Qh5+ 39. Kg1 Qc5+
40. d4 Qc1+ 41. Kh2 Qg5 42. Rxh7+ Kxh7 43. Qxg5 Kg7 44. Bc2 Kf7 45. Bxg6+ Kg7
46. a4 Kf8 47. a5 Kg7 48. a6 Kf8 49. a7 Kg7 50. a8=Q {Nulle par pat} 1/2-1/2

[Event "Tournament 14459 - Europe Echecs"]
[Site "Europe Echecs"]
[Date "2020.07.07"]
[Round "2"]
[Time "14:43:03"]
[PlyCount "62"]
[White "VossZachary"]
[Black "BernardiNicola"]
[WhiteElo "1196"]
[BlackElo "799"]
[Mode "WEB"]
[Result "1-0"]

1. e4 e5 2. Nf3 Nc6 3. Bb5 d6 4. h3 Bd7 5. O-O Nf6 6. d3 a6 7. Ba4 Be7 8. Nc3
O-O 9. Nh2 Be6 10. Bb3 Bxb3 11. axb3 d5 12. exd5 Nxd5 13. Nxd5 Qxd5 14. f4 exf4
15. Bxf4 Bc5+ 16. Kh1 Bd6 17. Bxd6 Qxd6 18. Qg4 Qf6 19. Rxf6 g6 20. Nf3 Kg7 21.
Rxc6 bxc6 22. Ng5 f6 23. Ne6+ Kg8 24. Nxf8 Rxf8 25. Re1 f5 26. Qc4+ Kg7 27. Qxc6
Rf7 28. Qxa6 Rf6 29. Re7+ Kf8 30. Qxf6+ Kg8 31. Qg7# {BernardiNicola est échec et mat} 1-0

[Event "Tournament 14459 - Europe Echecs"]
[Site "Europe Echecs"]
[Date "2020.07.07"]
[Round "2"]
[Time "14:43:03"]
[PlyCount "103"]
[White "RosuAlexandru"]
[Black "LlariMarc"]
[WhiteElo "1126"]
[BlackElo "799"]
[Mode "WEB"]
[Result "0-1"]

1. e4 e6 2. d4 d6 3. Nf3 Be7 4. Bc4 Nf6 5. Nc3 O-O 6. O-O h6 7. e5 dxe5 8. dxe5
Qxd1 9. Rxd1 Nh7 10. Bd3 Nd7 11. Bb5 Nc5 12. Be3 a6 13. Bxc5 Bxc5 14. Bd3 b5 15.
Be4 Rb8 16. Bd3 Bb7 17. Ne4 Bb6 18. Ng3 Bxf3 19. gxf3 Rbd8 20. Bxh7+ Kxh7 21.
Rd3 Rxd3 22. cxd3 Bd4 23. Rc1 Bxe5 24. Ne4 Rd8 25. Rc5 Bxb2 26. Rxc7 Rxd3 27.
Rxf7 Ra3 28. Nc5 b4 29. Nxe6 Rxa2 30. f4 Kg6 31. Rb7 a5 32. Nf8+ Kf5 33. Rf7+
Bf6 34. Nd7 Ke6 35. Nxf6 Kxf7 36. Nd5 b3 37. Nc3 Rc2 38. Nb1 Rc1+ 39. Kg2 Rxb1
40. f5 Rc1 41. f6 Kxf6 42. f4 b2 43. f5 b1=Q 44. h4 Qc2+ 45. Kf3 Qxf5+ 46. Ke3
Rc3+ 47. Kd2 Qd3+ 48. Ke1 Rc1+ 49. Kf2 Rf1+ 50. Kg2 Qf3+ 51. Kh2 Rh1# {RosuAlexandru est échec et mat} 0-1

[Event "Tournament 14459 - Europe Echecs"]
[Site "Europe Echecs"]
[Date "2020.07.07"]
[Round "2"]
[Time "14:43:03"]
[PlyCount "65"]
[White "GrangeonEdouar"]
[Black "NeelLaura"]
[WhiteElo "799"]
[BlackElo "799"]
[Mode "WEB"]
[Result "0-1"]

1. e4 e5 2. Nf3 Nc6 3. Bc4 Bc5 4. Nc3 Nf6 5. Ng5 O-O 6. Nxf7 Rxf7 7. Bxf7+ Kxf7
8. O-O d6 9. b3 Bg4 10. Ne2 Nd4 11. f3 Nxf3+ 12. Kh1 Nd4 13. Re1 Nxe2 14. Rxe2
Bxe2 15. Qxe2 Qd7 16. Bb2 c6 17. a3 Qg4 18. Qf1 Kg8 19. d3 Rf8 20. h3 Qg3 21.
Qf3 Qxf3 22. gxf3 Nh5 23. Kg2 Nf4+ 24. Kg3 Ne2+ 25. Kg2 Nd4 26. b4 Bb6 27. a4
Nxc2 28. Rc1 Nxb4 29. Ba3 Nxd3 30. Rd1 Nf4+ 31. Kg3 Rd8 32. Bxd6 Bc7 {GrangeonEdouar a abandonné} 0-1

[Event "Tournament 14459 - Europe Echecs"]
[Site "Europe Echecs"]
[Date "2020.07.07"]
[Round "2"]
[Time "14:43:03"]
[PlyCount "40"]
[White "ErudelIrina"]
[Black "BlouvacDaphne"]
[WhiteElo "1620"]
[BlackElo "1130"]
[Mode "WEB"]
[Result "1-0"]

1. e4 e5 2. Nf3 Nc6 3. Bc4 h6 4. Nc3 Nf6 5. d3 Bc5 6. O-O O-O 7. Bd2 Ng4 8. d4
Nxd4 9. Nxe5 Nxe5 10. Qc1 Nxc4 11. Bxh6 Nf5 12. exf5 gxh6 13. Qxh6 d6 14. g4 Ne5
15. Qh3 d5 16. Rad1 d4 17. Ne4 b6 18. g5 Qd5 19. Nf6+ Kg7 20. Qh7# {BlouvacDaphne est échec et mat} 1-0

[Event "Tournament 14459 - Europe Echecs"]
[Site "Europe Echecs"]
[Date "2020.07.07"]
[Round "2"]
[Time "14:43:03"]
[PlyCount "34"]
[White "ErudelMaeva"]
[Black "LemoalAssiya"]
[WhiteElo "1500"]
[BlackElo "1040"]
[Mode "WEB"]
[Result "1-0"]

1. d4 d5 2. e3 Nc6 3. f4 Nf6 4. Nd2 Bf5 5. Ngf3 e6 6. Bd3 Bb4 7. c3 Ba5 8. Bc2
O-O 9. O-O Ne4 10. Nxe4 dxe4 11. Nd2 Qd5 12. g4 Bxg4 13. Qxg4 h6 14. Bxe4 Qb5
15. Rf2 Nb4 16. Rg2 Nc2 17. Qxg7# {LemoalAssiya est échec et mat} 1-0

[Event "Tournament 14459 - Europe Echecs"]
[Site "Europe Echecs"]
[Date "2020.07.07"]
[Round "2"]
[Time "14:43:03"]
[PlyCount "147"]
[White "MenardEmma"]
[Black "LoppinTya"]
[WhiteElo "1490"]
[BlackElo "1021"]
[Mode "WEB"]
[Result "0-1"]

1. d4 d5 2. Nf3 Nf6 3. g3 e6 4. Bg2 Bd6 5. O-O O-O 6. Nc3 Nbd7 7. Bg5 h6 8. Bxf6
Qxf6 9. e3 b6 10. Nb5 Ba6 11. Nxc7 Bxc7 12. Re1 Rfe8 13. e4 dxe4 14. Rxe4 Bb7
15. Re1 e5 16. c3 Qg6 17. dxe5 Nxe5 18. Nxe5 Bxe5 19. Bxb7 Rab8 20. Bd5 Bc7 21.
Be4 Qd6 22. Qxd6 Bxd6 23. Rad1 Bc5 24. b4 Bd6 25. Rxd6 Re7 26. Bg2 Rxe1+ 27. Bf1
Rbe8 28. c4 Ra1 29. c5 Ree1 30. Rd8+ Kh7 31. c6 Rxf1+ 32. Kg2 Rg1+ 33. Kf3 Rxa2
34. c7 Ra3+ 35. Ke4 Rh1 36. c8=Q Re1+ 37. Kd5 Rd1+ 38. Kc6 Rc1+ 39. Kb7 Rxc8 40.
Rxc8 a5 41. Kxb6 axb4 42. f4 b3 43. Rc1 b2 44. Rb1 Rb3+ 45. Kc5 Rc3+ 46. Kb4 Rc1
47. Rxb2 Rh1 48. Re2 g5 49. fxg5 hxg5 50. Re7 Kg6 51. Rb7 Rb1+ 52. Kc5 Rxb7 53.
Kd5 Rb1 54. Ke4 Rc1 55. g4 Rh1 56. Kf3 Rxh2 57. Kg3 Rh4 58. Kf3 f5 59. Kg3 fxg4
60. Kg2 Rh3 61. Kg1 g3 62. Kg2 g4 63. Kg1 Rh2 64. Kf1 g2+ 65. Kg1 Rh5 66. Kxg2
Rg5 67. Kg3 Kf5 68. Kg2 g3 69. Kf3 Kg6 70. Kg2 Kf5 71. Kh3 g2 72. Kh2 g1=Q+ 73.
Kh3 Rh5# {MenardEmma est échec et mat} 0-1

[Event "Tournament 14459 - Europe Echecs"]
[Site "Europe Echecs"]
[Date "2020.07.07"]
[Round "2"]
[Time "14:43:03"]
[PlyCount "72"]
[White "TriboutMarius"]
[Black "OgerEryn"]
[WhiteElo "1037"]
[BlackElo "1460"]
[Mode "WEB"]
[Result "1-0"]

1. e4 e5 2. Nf3 Nc6 3. Nc3 Nf6 4. Bb5 d6 5. O-O Bg4 6. d3 Be7 7. Bg5 O-O 8. h3
Bh5 9. Bxc6 bxc6 10. d4 d5 11. dxe5 Nxe4 12. Bxe7 Qxe7 13. Nxe4 dxe4 14. g4 Bg6
15. Nd2 Qxe5 16. Re1 Rae8 17. h4 Re7 18. h5 Bxh5 19. gxh5 Qxh5 20. Nxe4 Re5 21.
Qxh5 Rxh5 22. Kf1 Rh1+ 23. Kg2 Rh5 24. Rg1 Re8 25. f3 h6 26. Kf2 Rh2+ 27. Kf1
Rxc2 28. Nf6+ Kh8 29. Nxe8 Rh2 30. Nxg7 Rxb2 31. Nf5 h5 32. Rh1 Kg8 33. Re1 Kh7
34. Rg1 Rb5 35. Rg7+ Kh8 36. Re8# {OgerEryn est échec et mat} 1-0

[Event "Tournament 14459 - Europe Echecs"]
[Site "Europe Echecs"]
[Date "2020.07.07"]
[Round "2"]
[Time "14:43:03"]
[PlyCount "57"]
[White "LottiauNathan"]
[Black "TirateauTom"]
[WhiteElo "1033"]
[BlackElo "1440"]
[Mode "WEB"]
[Result "0-1"]

1. e4 e5 2. Nf3 Nc6 3. Bc4 Nf6 4. Nc3 Bb4 5. O-O O-O 6. d3 d5 7. Be3 dxc4 8.
dxc4 Qxd1 9. Raxd1 Bg4 10. Bg5 Bxf3 11. Bxf6 Bxd1 12. Rxd1 gxf6 13. a3 Bxc3 14.
bxc3 Rad8 15. Rxd8 Rxd8 16. g3 Kg7 17. f4 exf4 18. gxf4 Kg6 19. f5+ Kg5 20. h3
Re8 21. e5 fxe5 22. f6 e4 23. h4+ Kxh4 24. c5 e3 25. c4 e2 26. c3 e1=Q+ 27. Kg2
Re2+ 28. Kf3 Qf1# {LottiauNathan est échec et mat} 0-1

[Event "Tournament 14459 - Europe Echecs"]
[Site "Europe Echecs"]
[Date "2020.07.07"]
[Round "2"]
[Time "14:43:03"]
[PlyCount "35"]
[White "FonsatJeanMarc"]
[Black "MinaudierMouss"]
[WhiteElo "1030"]
[BlackElo "1410"]
[Mode "WEB"]
[Result "0-1"]

1. e4 e5 2. Bc4 Nf6 3. Qf3 Nc6 4. Qe2 Bc5 5. Bb3 O-O 6. Nf3 d6 7. Ng5 Be6 8.
Bxe6 fxe6 9. Nxe6 Qe7 10. Nxf8 Rxf8 11. Qc4+ Kh8 12. O-O Ng4 13. h3 Nxf2 14. Kh2
Na5 15. Qb5 Nc6 16. Qxb7 Ng4+ 17. hxg4 Qh4# {FonsatJeanMarc est échec et mat} 0-1

[Event "Tournament 14459 - Europe Echecs"]
[Site "Europe Echecs"]
[Date "2020.07.07"]
[Round "2"]
[Time "14:43:03"]
[PlyCount "113"]
[White "MadatyanEdgar"]
[Black "GerandiPierreM"]
[WhiteElo "1020"]
[BlackElo "1330"]
[Mode "WEB"]
[Result "0-1"]

1. e4 e5 2. Nf3 Nc6 3. Bc4 d6 4. h3 Be6 5. Bb3 Be7 6. Nc3 Qd7 7. d3 Nf6 8. Ng5
h6 9. Nxe6 fxe6 10. Qf3 a6 11. O-O O-O 12. Qg3 Nh5 13. Qg4 Nf6 14. Qg6 Kh8 15.
Na4 Nd4 16. Bc4 b5 17. Nb6 cxb6 18. Bb3 Nxb3 19. cxb3 Qe8 20. Qg3 Rg8 21. Be3
Nh5 22. Qf3 Rb8 23. Rac1 Rf8 24. Qg4 Qf7 25. Rc7 Nf6 26. Qg3 Rfc8 27. Rd7 Rd8
28. Rxd8+ Rxd8 29. Bxb6 Rb8 30. Bc7 Rc8 31. Bb6 Qf8 32. f4 exf4 33. Qxf4 Nh5 34.
Qd2 Qg8 35. Bd4 Rf8 36. Re1 e5 37. Bb6 Bd8 38. Ba7 Rf7 39. a4 Rxa7 40. axb5 axb5
41. Qf2 Rf7 42. Qd2 Bg5 43. Qb4 Bh4 44. Ra1 Bg3 45. Qxd6 Rf6 46. Qb4 Bf2+ 47.
Kh1 Qf8 48. Qxb5 Bg3 49. d4 exd4 50. Qd3 Nf4 51. Qxg3 Ne2 52. Qe1 Rf2 53. b4
Ng3+ 54. Kh2 Qf3 55. Ra8+ Kh7 56. Qb1 Qxg2# {MadatyanEdgar est échec et mat} 0-1

[Event "Tournament 14459 - Europe Echecs"]
[Site "Europe Echecs"]
[Date "2020.07.07"]
[Round "2"]
[Time "14:43:03"]
[PlyCount "28"]
[White "ManvieuPaul"]
[Black "BenseddikYanis"]
[WhiteElo "1018"]
[BlackElo "1320"]
[Mode "WEB"]
[Result "1-0"]

1. e4 d5 2. exd5 Nf6 3. d4 Nxd5 4. Nf3 Nc6 5. Bc4 e6 6. O-O Bd6 7. Re1 O-O 8.
Bd2 Qf6 9. Bg5 Qg6 10. Bd3 f5 11. Qd2 h6 12. Bh4 e5 13. Bg3 f4 14. Bxg6 {BenseddikYanis a abandonné} 1-0

[Event "Tournament 14459 - Europe Echecs"]
[Site "Europe Echecs"]
[Date "2020.07.07"]
[Round "2"]
[Time "14:43:03"]
[PlyCount "73"]
[White "BorremansPaul"]
[Black "HanszJules"]
[WhiteElo "980"]
[BlackElo "1310"]
[Mode "WEB"]
[Result "0-1"]

1. e4 e5 2. Nf3 Nc6 3. Nc3 Nf6 4. Bb5 a6 5. Ba4 Bc5 6. O-O d6 7. h3 h6 8. d3 Qd7
9. Be3 Bxe3 10. fxe3 Qe7 11. d4 exd4 12. exd4 O-O 13. e5 dxe5 14. dxe5 Nxe5 15.
Nd4 b5 16. Bb3 c5 17. Nf5 Bxf5 18. Bxf7+ Rxf7 19. Nxb5 axb5 20. Qe1 Re8 21. Qa5
Bxc2 22. Rac1 Bd3 23. Rfd1 Be2 24. Re1 Bc4 25. Red1 Qf8 26. Rf1 Ng6 27. Rxc4
bxc4 28. Qb5 Ne5 29. Rd1 Nd3 30. Rc1 Nxc1 31. Qxc4 Re1+ 32. Kh2 Ne2 33. Qb4 cxb4
34. a3 bxa3 35. bxa3 Qd6+ 36. g3 Qxg3# {BorremansPaul est échec et mat} 0-1

[Event "Tournament 14459 - Europe Echecs"]
[Site "Europe Echecs"]
[Date "2020.07.07"]
[Round "2"]
[Time "14:43:03"]
[PlyCount "39"]
[White "DavoustNicolas"]
[Black "BarrauArthur"]
[WhiteElo "1300"]
[BlackElo "980"]
[Mode "WEB"]
[Result "1-0"]

1. e4 e5 2. Nf3 Nc6 3. Bc4 Nf6 4. Ng5 Qe7 5. Nxf7 Rg8 6. d3 d6 7. Nxd6+ cxd6 8.
Bxg8 Be6 9. Bxe6 Qxe6 10. Nc3 O-O-O 11. Be3 Nb4 12. Bxa7 Qd7 13. Bb6 Qc6 14.
Bxd8 Kxd8 15. a3 Nxc2+ 16. Qxc2 d5 17. exd5 Qc8 18. O-O-O Nh5 19. Ne4 Qd7 {BarrauArthur a abandonné} 1-0

[Event "Tournament 14459 - Europe Echecs"]
[Site "Europe Echecs"]
[Date "2020.07.07"]
[Round "2"]
[Time "14:43:03"]
[PlyCount "56"]
[White "ColinPenelope"]
[Black "ClairThibaud"]
[WhiteElo "1290"]
[BlackElo "980"]
[Mode "WEB"]
[Result "1-0"]

1. e4 e5 2. f4 d6 3. Nf3 Nf6 4. Nc3 Nbd7 5. Bc4 exf4 6. d4 Be7 7. Bxf4 b6 8. O-O
Bb7 9. Qe2 O-O 10. e5 dxe5 11. dxe5 Ne8 12. Qd3 Bc5+ 13. Kh1 h6 14. e6 fxe6 15.
Bxe6+ Kh8 16. Bxd7 Rxf4 17. Ne5 Rf6 18. Rxf6 gxf6 19. Nf7+ Kg8 20. Nxd8 Rxd8 21.
Be6+ Kg7 22. Qxd8 Nd6 23. Qd7+ Kg6 24. Rf1 Nf5 25. Bxf5+ Kg5 26. Qd2+ Kh5 27.
Qe2+ Kh4 28. Qg4# {ClairThibaud est échec et mat} 1-0

[Event "Tournament 14459 - Europe Echecs"]
[Site "Europe Echecs"]
[Date "2020.07.07"]
[Round "2"]
[Time "14:43:03"]
[PlyCount "44"]
[White "LuxOceane"]
[Black "PenarrubiaTom"]
[WhiteElo "1273"]
[BlackElo "950"]
[Mode "WEB"]
[Result "1-0"]

1. e4 e5 2. Nf3 Nc6 3. Nc3 Nf6 4. Be2 Bc5 5. O-O d6 6. d3 Be6 7. Bg5 Nd4 8. Nxd4
Bxd4 9. Rb1 O-O 10. Nd5 c6 11. Nxf6+ gxf6 12. Bh6 Re8 13. Bh5 Kh8 14. Qf3 Rg8
15. c3 Bh3 16. Qxh3 f5 17. cxd4 fxe4 18. dxe5 dxe5 19. dxe4 Qd2 20. Bxf7 Rgd8
21. Qg3 Rd7 22. Qg7# {PenarrubiaTom est échec et mat} 1-0

[Event "Tournament 14459 - Europe Echecs"]
[Site "Europe Echecs"]
[Date "2020.07.07"]
[Round "2"]
[Time "14:43:03"]
[PlyCount "159"]
[White "HermantAntoine"]
[Black "DemirciNoe"]
[WhiteElo "980"]
[BlackElo "1240"]
[Mode "WEB"]
[Result "1/2-1/2"]

1. e4 d6 2. Nf3 Nf6 3. Nc3 g6 4. Bc4 Bg7 5. O-O O-O 6. d3 Bg4 7. Bg5 Nc6 8. Re1
Ne5 9. Bxf6 Nxf3+ 10. gxf3 Bxf6 11. fxg4 a6 12. Qf3 b5 13. Bb3 Rb8 14. a3 a5 15.
Ba2 b4 16. axb4 axb4 17. Nd1 Ra8 18. Ne3 c6 19. Bb3 Rxa1 20. Rxa1 Bxb2 21. Rb1
Bd4 22. Ba2 Qa8 23. Bb3 c5 24. Bd5 Qa5 25. Qd1 e6 26. Bb3 Bxe3 27. fxe3 Qd8 28.
d4 cxd4 29. exd4 e5 30. dxe5 dxe5 31. Qe2 Qb6+ 32. Kh1 Kg7 33. g5 f6 34. gxf6+
Rxf6 35. Qc4 Qf2 36. Qg8+ Kh6 37. Bc4 Qf3+ 38. Kg1 Qf2+ 39. Kh1 Rf3 40. Rf1 Qe3
41. Rxf3 Qxf3+ 42. Kg1 Qe3+ 43. Kf1 Qf3+ 44. Ke1 Qc3+ 45. Kd1 Qd4+ 46. Bd3 Qg1+
47. Kd2 Qf2+ 48. Be2 Qd4+ 49. Kc1 Qe3+ 50. Kd1 Qd4+ 51. Ke1 Qc3+ 52. Kf2 Qc5+
53. Kf1 Qxc2 54. Qf8+ Kg5 55. Qd8+ Kh6 56. Qh4+ Kg7 57. Qg3 Qc1+ 58. Kf2 Qc5+
59. Qe3 Qf8+ 60. Kg3 Qb8 61. Qb3 Qb7 62. Bf3 h5 63. h4 Qe7 64. Qc4 Qf6 65. Qxb4
Qf4+ 66. Kf2 Qxh4+ 67. Ke3 Qf4+ 68. Ke2 Qh2+ 69. Kd1 Qg1+ 70. Qe1 Qd4+ 71. Qd2
Qg1+ 72. Kc2 Qc5+ 73. Qc3 Qf2+ 74. Kb3 Qb6+ 75. Qb4 Qe3+ 76. Qc3 Qb6+ 77. Kc2
Qf2+ 78. Kd1 Qf1+ 79. Kc2 Qf2+ {Nulle par répétition} 1/2-1/2

[Event "Tournament 14459 - Europe Echecs"]
[Site "Europe Echecs"]
[Date "2020.07.07"]
[Round "2"]
[Time "14:43:03"]
[PlyCount "72"]
[White "BennaniJoachim"]
[Black "AndreaniEleono"]
[WhiteElo "1226"]
[BlackElo "799"]
[Mode "WEB"]
[Result "1-0"]

1. e4 e5 2. Nf3 Nc6 3. Bc4 Bc5 4. d3 Nf6 5. O-O O-O 6. Nc3 h6 7. Qe2 d6 8. h3
Na5 9. Bb3 c6 10. Be3 Bxe3 11. Qxe3 d5 12. exd5 cxd5 13. Qxe5 Nd7 14. Qxd5 Qe7
15. Qxa5 b6 16. Qd5 Nf6 17. Qxa8 Bb7 18. Qxa7 b5 19. Rfe1 Qd6 20. Qxb7 Nh5 21.
Qxb5 Nf4 22. Qe5 Qb4 23. a3 Qb7 24. Qxf4 Qb8 25. Bxf7+ Kh8 26. Qxb8 Rxb8 27. Bg6
Rf8 28. Nd5 h5 29. Ng5 h4 30. Re8 Kg8 31. Rxf8+ Kxf8 32. a4 Kg8 33. a5 Kh8 34.
a6 Kg8 35. a7 Kf8 36. a8=Q# {AndreaniEleono est échec et mat} 1-0

[Event "Tournament 14459 - Europe Echecs"]
[Site "Europe Echecs"]
[Date "2020.07.07"]
[Round "2"]
[Time "14:43:03"]
[PlyCount "64"]
[White "MarzolfSamuel"]
[Black "BaloulYaksen"]
[WhiteElo "1220"]
[BlackElo "799"]
[Mode "WEB"]
[Result "1-0"]

1. e4 d6 2. d4 e5 3. dxe5 dxe5 4. Qxd8+ Kxd8 5. Nf3 Nc6 6. Bb5 a6 7. Bxc6 bxc6
8. Nxe5 f6 9. Nf7+ Kd7 10. Nxh8 Be7 11. Nf7 Ke8 12. Nh8 Bd7 13. Nc3 Ra7 14. Be3
Rb7 15. Rb1 Rb3 16. axb3 g6 17. O-O f5 18. exf5 gxf5 19. Rfd1 h6 20. Ng6 Nf6 21.
Nxe7 Kxe7 22. Bxh6 Ne4 23. Nxe4 f4 24. Nc5 Be6 25. Nxe6 Kxe6 26. Bxf4 c5 27.
Re1+ Kf6 28. Rbd1 c4 29. Bxc7 a5 30. Rd6+ Kf5 31. Rd5+ Kg4 32. Re4# {BaloulYaksen est échec et mat} 1-0

[Event "Tournament 14459 - Europe Echecs"]
[Site "Europe Echecs"]
[Date "2020.07.07"]
[Round "2"]
[Time "14:43:03"]
[PlyCount "115"]
[White "GadoisArnaud"]
[Black "NicotAnna"]
[WhiteElo "950"]
[BlackElo "1220"]
[Mode "WEB"]
[Result "0-1"]

1. e4 e5 2. Nf3 Nc6 3. Nc3 Nf6 4. Bb5 Bb4 5. Bxc6 Bxc3 6. dxc3 bxc6 7. Nxe5 Ba6
8. Bg5 Qe7 9. Bxf6 Qxf6 10. Qf3 Qxe5 11. O-O-O O-O 12. Rxd7 Qg5+ 13. Kb1 Rab8
14. Rhd1 Qb5 15. b3 c5 16. Qf5 Qe2 17. Qd5 h6 18. Rxc7 Bc4 19. Qd2 Qxe4 20. Rxc5
Be2 21. Re1 Rfe8 22. f3 Qe3 23. Qxe3 Rxe3 24. Rd5 Bc4 25. Rc5 Rxe1+ 26. Kb2 Be6
27. c4 Rd8 28. Rc7 Rdd1 29. Rxa7 Rb1+ 30. Ka3 Re2 31. c5 Rxc2 32. Ra8+ Kh7 33.
Ra5 Ra1 34. Kb4 Rcxa2 35. Rb5 Rb1 36. c6 Rxb3+ 37. Kc5 Rxb5+ 38. Kxb5 Rc2 39.
Kb6 Kg8 40. c7 Kf8 41. Kb7 Ke8 42. g4 Kd7 43. h4 Rxc7+ 44. Kb6 Rc8 45. h5 Kd6
46. g5 Rb8+ 47. Ka7 Kc7 48. gxh6 gxh6 49. f4 Rb1 50. Ka6 Rb8 51. f5 Bxf5 52. Ka5
Kc6 53. Ka4 Kc5 54. Ka3 Kc4 55. Ka2 Kc3 56. Ka1 Kc2 57. Ka2 Ra8# {GadoisArnaud est échec et mat} 0-1

[Event "Tournament 14459 - Europe Echecs"]
[Site "Europe Echecs"]
[Date "2020.07.07"]
[Round "2"]
[Time "14:43:03"]
[PlyCount "131"]
[White "SenegasAngelo"]
[Black "BertrandCome"]
[WhiteElo "1200"]
[BlackElo "799"]
[Mode "WEB"]
[Result "0-1"]

1. e4 e5 2. Nf3 Nc6 3. Bc4 Nf6 4. d3 Bc5 5. Be3 Bxe3 6. fxe3 d6 7. Nc3 Bg4 8. h3
Bxf3 9. Qxf3 Qe7 10. O-O-O O-O-O 11. Nd5 Nxd5 12. Bxd5 Qd7 13. Qg4 Qxg4 14. hxg4
f6 15. Bxc6 bxc6 16. d4 exd4 17. exd4 c5 18. dxc5 dxc5 19. Rxd8+ Rxd8 20. b3 Rd4
21. Re1 h6 22. c3 Rd3 23. Kc2 Rg3 24. b4 Rxg2+ 25. Kb3 cxb4 26. cxb4 Rxg4 27.
Kc4 g5 28. a4 Rf4 29. b5 f5 30. Kd5 h5 31. exf5 Rxf5+ 32. Re5 Rxe5+ 33. Kxe5 g4
34. Kf4 Kb7 35. Kg3 Kb6 36. Kf4 Ka5 37. Kg3 Kxa4 38. Kf4 Kxb5 39. Kg3 a6 40. Kf4
c6 41. Ke3 c5 42. Kd3 c4+ 43. Kc3 a5 44. Kd4 a4 45. Kc3 g3 46. Kd2 g2 47. Ke3
Kb4 48. Kf2 c3 49. Kxg2 a3 50. Kf2 Kb3 51. Ke2 c2 52. Kd2 Kb2 53. Kd3 a2 54. Kd2
c1=Q+ 55. Kd3 a1=Q 56. Kd4 Qa4+ 57. Kd3 Qa3+ 58. Kd4 Qcc3+ 59. Ke4 Qd3+ 60. Kf4
Qe3+ 61. Kf5 Qa5+ 62. Kg6 Qe6+ 63. Kg7 Qa7+ 64. Kf8 Qeb6 65. Ke8 Qbb8# {SenegasAngelo est échec et mat} 0-1

[Event "Tournament 14459 - Europe Echecs"]
[Site "Europe Echecs"]
[Date "2020.07.07"]
[Round "2"]
[Time "14:43:03"]
[PlyCount "55"]
[White "WangYize"]
[Black "RobbeLeni"]
[WhiteElo "920"]
[BlackElo "1160"]
[Mode "WEB"]
[Result "0-1"]

1. e4 e5 2. Nf3 Nf6 3. Nc3 Nc6 4. Bc4 Bc5 5. Nxe5 Nxe5 6. d4 Bb6 7. dxe5 Ng8 8.
Bf4 d6 9. h3 Ba5 10. f3 Qe7 11. Qd3 dxe5 12. Bxe5 Qxe5 13. O-O-O c6 14. Nb5 cxb5
15. Bxb5+ Kf8 16. Qd8+ Bxd8 17. Rxd8+ Ke7 18. Rd5 Qg3 19. Rg1 Qh2 20. Rgd1 Qxg2
21. Bd7 Bxd7 22. Rxd7+ Kf6 23. R1d6+ Kg5 24. Rd5+ Kh4 25. Rxf7 Rc8 26. Kd1 Rxc2
27. Rff5 Qe2# {WangYize est échec et mat} 0-1